[Event "ESP-ch Seniors 65"]
[Site "Altea"]
[Date "2021.11.01"]
[Round "2"]
[White "Antonano Fedz Quincoces, Avelino"]
[Black "Cebada Benitez, Fernando"]
[Result "1-0"]
[WhiteElo "1999"]
[BlackElo "1799"]
[PlyCount "73"]
[EventDate "2021.10.31"]
[EventType "swiss"]
[EventRounds "9"]
[EventCountry "ESP"]
[SourceTitle "CBM 205 Extra"]
[Source "ChessBase"]
[SourceDate "2022.01.31"]
[SourceVersion "1"]
[SourceVersionDate "2022.01.31"]
[SourceQuality "1"]

1. e4 c5 2. Nf3 e6 3. Nc3 Nc6 4. d4 cxd4 5. Nxd4 Qc7 6. g3 a6 7. Bg2 Nf6 8. 0-0 Be7 9. Re1 d6 10. Nxc6 bxc6 11. e5 dxe5 12. Rxe5 0-0 13. Bf4 Bd6 14. Rxe6 Bxf4 15. Rxc6 Bg4 16. Rxc7 Bxd1 17. gxf4 Bxc2 18. Bxa8 Rxa8 19. Re1 h6 20. Ree7 Bg6 21. Ra7 Rd8 22. Rxa6 Rd2 23. Re2 Rd8 24. Rb6 Kh7 25. f3 Rd4 26. Ne4 Nd5 27. Rb3 Rd1+ 28. Kf2 Nxf4 29. Rd2 Rh1 30. Ke3 Ne6 31. a4 Re1+ 32. Kf2 Ra1 33. Ra3 Rh1 34. Kg2 Re1 35. a5 Nf4+ 36. Kf2 Rh1 37. Kg3 1-0

[Event "Benidorm op U2000 12th"]
[Site "Benidorm"]
[Date "2013.12.04"]
[Round "7"]
[White "Denekens, Chris"]
[Black "Cebada Benitez, Fernando"]
[Result "1/2-1/2"]
[WhiteElo "1724"]
[BlackElo "1913"]
[PlyCount "36"]
[EventDate "2013.11.29"]
[EventType "swiss"]
[EventRounds "10"]
[EventCountry "ESP"]
[SourceTitle "CBM 157 Extra"]
[Source "ChessBase"]
[SourceDate "2013.12.19"]
[SourceVersion "1"]
[SourceVersionDate "2013.12.19"]
[SourceQuality "1"]

1. e4 e5 2. Nc3 Nf6 3. f4 d6 4. Nf3 Nc6 5. Bb5 Bd7 6. d3 exf4 7. Bxf4 Be7 8. 0-0 0-0 9. a3 Bg4 10. Bxc6 bxc6 11. Qe1 Rb8 12. Rb1 Nh5 13. Bd2 Kh8 14. h3 Bd7 15. e5 f5 16. Ne2 f4 17. Qc1 Ng3 18. Nxg3 fxg3 1/2-1/2

[Event "Gibraltar Masters 11th"]
[Site "Caleta"]
[Date "2013.01.22"]
[Round "1"]
[White "Sanchez Ibern, Marc"]
[Black "Cebada Benitez, Fernando"]
[Result "1-0"]
[WhiteElo "2356"]
[BlackElo "1958"]
[PlyCount "65"]
[EventDate "2013.01.22"]
[EventType "swiss"]
[EventRounds "10"]
[EventCountry "GGB"]
[SourceTitle "CBM 153"]
[Source "ChessBase"]
[SourceDate "2013.03.14"]
[SourceVersion "1"]
[SourceVersionDate "2013.03.14"]
[SourceQuality "1"]

1. e4 c5 2. Nc3 a6 3. Nge2 Nc6 4. g3 e6 5. Bg2 Nge7 6. 0-0 g6 7. d4 cxd4 8. Nxd4 Bg7 9. Be3 d6 10. a4 0-0 11. Nb3 b6 12. Qd2 Qc7 13. Rad1 Rd8 14. f4 Bb7 15. Qf2 Nc8 16. g4 Nb4 17. Rd2 Rb8 18. g5 Bc6 19. Nd4 Be8 20. f5 e5 21. Nb3 d5 22. exd5 Nd6 23. fxg6 hxg6 24. Ne4 Nxe4 25. Bxe4 Bxa4 26. Nc1 a5 27. h4 Bb5 28. Ne2 Rd7 29. b3 Bxe2 30. Qxe2 Rbd8 31. c4 Bf8 32. h5 Qd6 33. Rf6 1-0

[Event "Benidorm op U2000 11th"]
[Site "Benidorm"]
[Date "2012.12.07"]
[Round "9"]
[White "Cebada Benitez, Fernando"]
[Black "Fernandez Gil, Ruben Carlos"]
[Result "0-1"]
[WhiteElo "1953"]
[BlackElo "1976"]
[PlyCount "77"]
[EventDate "2012.11.30"]
[EventType "swiss"]
[EventRounds "10"]
[EventCountry "ESP"]
[SourceTitle "EXT 2014"]
[Source "ChessBase"]
[SourceDate "2013.11.20"]
[SourceVersion "1"]
[SourceVersionDate "2013.11.20"]
[SourceQuality "1"]

1. e4 c5 2. Nf3 Nc6 3. d4 cxd4 4. Nxd4 g6 5. Bc4 Bg7 6. Be3 Nf6 7. Nc3 0-0 8. Nxc6 bxc6 9. 0-0 Qa5 10. Qd2 Qb4 11. Qd3 Ng4 12. Bd4 Qd6 13. e5 Nxe5 14. Bxe5 Bxe5 15. Qxd6 Bxd6 16. Ne2 Be5 17. c3 d5 18. Bd3 Rb8 19. b3 Bg7 20. f4 Re8 21. Rac1 e5 22. fxe5 Rxe5 23. Nd4 Bd7 24. Rf3 Rbe8 25. h3 Re3 26. Kf2 Bh6 27. Rd1 c5 28. Nc2 R3e5 29. g4 Bc6 30. Rf6 R5e6 31. Rxe6 fxe6 32. a4 Rf8+ 33. Ke2 d4 34. Rf1 Rxf1 35. Kxf1 dxc3 36. Ke2 Kf7 37. Na3 Kf6 38. Nb1 Ke5 39. Nxc3 0-1

[Event "Andalucia-ch Seniors 1112"]
[Site "Huelva"]
[Date "2012.04.12"]
[Round "1"]
[White "Cebada Benitez, Fernando"]
[Black "Subirats Delhom, Juan"]
[Result "1/2-1/2"]
[WhiteElo "1962"]
[BlackElo "1625"]
[PlyCount "60"]
[EventDate "2012.04.12"]
[EventType "swiss"]
[EventRounds "6"]
[EventCountry "ESP"]
[SourceTitle "EXT 2013"]
[Source "ChessBase"]
[SourceDate "2012.11.22"]
[SourceVersion "1"]
[SourceVersionDate "2012.11.22"]
[SourceQuality "1"]

1. e4 e6 2. d4 d5 3. Nd2 Nc6 4. c3 Nf6 5. e5 Nd7 6. Bd3 f6 7. Qh5+ Ke7 8. f4 Qe8 9. Qh4 Kd8 10. exf6 Nxf6 11. Ngf3 Qh5 12. 0-0 Qxh4 13. Nxh4 Bd6 14. g3 Ne7 15. Ndf3 h6 16. Bd2 c6 17. Rac1 Re8 18. Ne5 Rf8 19. Neg6 Re8 20. Nxe7 Rxe7 21. f5 Bd7 22. Ng6 Re8 23. Ne5 Kc7 24. Nf7 c5 25. Nxd6 Kxd6 26. Bf4+ Kc6 27. fxe6 Rxe6 28. dxc5 Kxc5 29. b4+ Kc6 30. a4 Rae8 1/2-1/2

[Event "Andalucia-ch Seniors"]
[Site "Almeria"]
[Date "2011.04.19"]
[Round "5.3"]
[White "Bellon Lopez, Juan Manuel"]
[Black "Cebada Benitez, Fernando"]
[Result "1-0"]
[WhiteElo "2397"]
[BlackElo "1991"]
[PlyCount "107"]
[EventDate "2011.04.17"]
[EventType "swiss"]
[EventRounds "6"]
[EventCountry "ESP"]
[SourceTitle "EXT 2024"]
[Source "ChessBase"]
[SourceDate "2023.10.10"]
[SourceVersion "1"]
[SourceVersionDate "2023.10.10"]
[SourceQuality "1"]

1. d4 Nf6 2. Bg5 c5 3. Bxf6 gxf6 4. d5 d6 5. e3 Qb6 6. Qc1 Bf5 7. Ne2 Na6 8. Ng3 Bd7 9. a4 Qa5+ 10. c3 h5 11. Nd2 f5 12. Nc4 Qc7 13. h4 e6 14. Qd1 0-0-0 15. Na3 Qb6 16. Nb5 Bxb5 17. axb5 Nc7 18. dxe6 fxe6 19. Nxh5 d5 20. Be2 Nxb5 21. Nf4 Nc7 22. Qc2 Kb8 23. Ng6 Rh6 24. Nxf8 Rxf8 25. g3 e5 26. 0-0-0 Qa5 27. h5 d4 28. f4 Nd5 29. exd4 cxd4 30. c4 Ne3 31. Qb1 Nxd1 32. Bxd1 e4 33. g4 e3 34. Qd3 Qd2+ 35. Qxd2 exd2+ 36. Kxd2 fxg4 37. Bxg4 Rxf4 38. Be2 Kc7 39. Kd3 a5 40. Rh3 Kd6 41. Bf3 b6 42. Be4 Kc5 43. Bg6 Rf2 44. b3 Rb2 45. Ke4 Kb4 46. Rd3 Rxb3 47. Rxd4 Rg3 48. Rd6 Kc5 49. Re6 Rg4+ 50. Kf5 Rxc4 51. Re8 a4 52. Kg5 Rxh5+ 53. Bxh5 Kb4 54. Bf7 1-0

[Event "Gibraltar Masters 9th"]
[Site "Caleta"]
[Date "2011.02.02"]
[Round "9"]
[White "Perez Reisler, Jose"]
[Black "Cebada Benitez, Fernando"]
[Result "0-1"]
[WhiteElo "1893"]
[BlackElo "1997"]
[PlyCount "61"]
[EventDate "2011.01.25"]
[EventType "swiss"]
[EventRounds "10"]
[EventCountry "GGB"]
[SourceTitle "CBM 141"]
[Source "ChessBase"]
[SourceDate "2011.03.17"]
[SourceVersion "1"]
[SourceVersionDate "2011.03.17"]
[SourceQuality "1"]

1. e4 e5 2. Nf3 Nc6 3. Bc4 Nf6 4. Ng5 d5 5. exd5 Na5 6. Bb5+ c6 7. dxc6 bxc6 8. Be2 h6 9. Nh3 Bc5 10. d3 0-0 11. Nc3 Rb8 12. a3 Be6 13. b4 Bd4 14. Bd2 Nb7 15. Rb1 Nd6 16. Bf3 Qd7 17. Ng1 Nd5 18. Nge2 Bb6 19. Na4 Nf5 20. c4 Nf6 21. Nxb6 axb6 22. Bc3 Qc7 23. 0-0 Rfd8 24. Qc2 Nh4 25. Be4 Nxe4 26. dxe4 f6 27. Be1 Qf7 28. Rc1 Qg6 29. Ng3 Qg5 30. Rd1 Bg4 31. Rxd8+ 0-1

[Event "Gibraltar Masters 9th"]
[Site "Caleta"]
[Date "2011.01.30"]
[Round "6"]
[White "Cebada Benitez, Fernando"]
[Black "Zygouris, Hristos"]
[Result "0-1"]
[WhiteElo "1997"]
[BlackElo "2215"]
[PlyCount "60"]
[EventDate "2011.01.25"]
[EventType "swiss"]
[EventRounds "10"]
[EventCountry "GGB"]
[SourceTitle "CBM 141"]
[Source "ChessBase"]
[SourceDate "2011.03.17"]
[SourceVersion "1"]
[SourceVersionDate "2011.03.17"]
[SourceQuality "1"]

1. e4 c5 2. Nf3 e6 3. d4 cxd4 4. Nxd4 a6 5. Be2 Nf6 6. Nc3 Qc7 7. 0-0 d6 8. Kh1 Be7 9. f4 Nc6 10. g4 h6 11. Nxc6 bxc6 12. Bf3 e5 13. g5 hxg5 14. fxg5 Nd7 15. Be3 Nb6 16. b3 Be6 17. a4 a5 18. Bg4 Bxg4 19. Qxg4 g6 20. Rf3 Qd7 21. Qg3 Bd8 22. Raf1 Rh7 23. Nd1 Qe6 24. Bxb6 Bxb6 25. Nf2 Bd8 26. Ng4 Bxg5 27. Nf6+ Bxf6 28. Rxf6 Qe7 29. Rxg6 fxg6 30. Qxg6+ Kd7 0-1

[Event "Gibraltar Masters 9th"]
[Site "Caleta"]
[Date "2011.01.26"]
[Round "2"]
[White "Cebada Benitez, Fernando"]
[Black "Reid, Vanessa"]
[Result "1-0"]
[WhiteElo "1997"]
[BlackElo "1841"]
[PlyCount "101"]
[EventDate "2011.01.25"]
[EventType "swiss"]
[EventRounds "10"]
[EventCountry "GGB"]
[SourceTitle "CBM 141"]
[Source "ChessBase"]
[SourceDate "2011.03.17"]
[SourceVersion "1"]
[SourceVersionDate "2011.03.17"]
[SourceQuality "1"]

1. e4 e6 2. d4 d5 3. Nd2 Nf6 4. e5 Nfd7 5. Bd3 c5 6. c3 Nc6 7. Ne2 Qb6 8. Nf3 f6 9. exf6 Nxf6 10. 0-0 cxd4 11. cxd4 Bd6 12. a3 Bd7 13. Re1 0-0 14. b4 e5 15. dxe5 Nxe5 16. Ned4 Nfg4 17. Be3 Nxe3 18. Rxe3 Nxd3 19. Qxd3 Bf4 20. Re7 Qd6 21. Rae1 Rf6 22. Nb5 Bxb5 23. Qxb5 b6 24. Rd7 Qc6 25. Qxd5+ Qxd5 26. Rxd5 Rc6 27. g3 Bh6 28. Red1 Rf8 29. Rd8 Rcf6 30. Rxf8+ Kxf8 31. Ne5 Re6 32. f4 g5 33. Rd8+ Re8 34. Nd7+ Ke7 35. Rxe8+ Kxe8 36. Nf6+ Kf7 37. Ng4 Bg7 38. fxg5 b5 39. Ne3 Ke6 40. Kf2 Bb2 41. Nc2 Kf5 42. h4 Kg4 43. Kg2 Bc1 44. Kf2 a6 45. Kg2 Bd2 46. Kf2 Bc1 47. Ne3+ Kh3 48. h5 Bxa3 49. g6 hxg6 50. hxg6 Bb2 51. Nf5 1-0

[Event "Cadiz op 17th"]
[Site "Cadiz"]
[Date "2010.07.05"]
[Round "2.1"]
[White "Cebada Benitez, Fernando"]
[Black "Garcia Jimenez, Francisco Javier"]
[Result "0-1"]
[WhiteElo "1991"]
[BlackElo "2268"]
[PlyCount "45"]
[EventDate "2010.07.05"]
[EventType "swiss"]
[EventRounds "7"]
[EventCountry "ESP"]
[SourceTitle "EXT 2024"]
[Source "ChessBase"]
[SourceDate "2023.10.10"]
[SourceVersion "1"]
[SourceVersionDate "2023.10.10"]
[SourceQuality "1"]

1. e4 d5 2. exd5 Qxd5 3. d4 e5 4. Nc3 Bb4 5. a3 Bxc3+ 6. bxc3 Nc6 7. Be3 Bf5 8. Nf3 Qa5 9. Qd2 Nf6 10. c4 Qxd2+ 11. Kxd2 exd4 12. Bg5 Ne4+ 13. Kc1 Nxf2 14. Rg1 0-0 15. Rb1 b6 16. Nxd4 Nxd4 17. Be3 Nxc2 18. Bxf2 Rfe8 19. Rb3 Rad8 20. g4 Bg6 21. h4 Nd4 22. Rc3 c5 23. h5 0-1

[Event "San Fernando op 18th"]
[Site "San Fernando"]
[Date "2004.07.18"]
[Round "2"]
[White "Rivas Pastor, Manuel"]
[Black "Cebada Benitez, Fernando"]
[Result "1-0"]
[WhiteElo "2421"]
[BlackElo "2002"]
[PlyCount "51"]
[EventDate "2004.07.18"]
[EventType "swiss"]
[EventRounds "8"]
[EventCountry "ESP"]
[SourceTitle "CBM 101 Extra"]
[Source "ChessBase"]
[SourceDate "2004.09.01"]
[SourceVersion "2"]
[SourceVersionDate "2004.09.01"]
[SourceQuality "1"]

1. e4 c5 2. Nf3 e6 3. b3 Nc6 4. Bb2 d6 5. d4 cxd4 6. Nxd4 Nf6 7. Nxc6 bxc6 8. e5 Nd5 9. c4 Qa5+ 10. Qd2 Qxd2+ 11. Kxd2 Nb4 12. exd6 c5 13. Nc3 Bxd6 14. Ne4 Bf4+ 15. Ke2 Bb7 16. Nxc5 Bc6 17. a3 Nc2 18. Rd1 0-0 19. Rd2 Bxd2 20. Kxd2 Nd4 21. Bxd4 Rad8 22. Kc3 e5 23. Be3 Rd1 24. f3 Rfd8 25. b4 Ra1 26. Nb3 1-0

[Event "Seville op 24th"]
[Site "Seville"]
[Date "1999.??.??"]
[Round "4"]
[White "Cebada Benitez, Fernando"]
[Black "Montero Campuzano, Rafael"]
[Result "0-1"]
[WhiteElo "2035"]
[BlackElo "2175"]
[PlyCount "68"]
[EventDate "1999.01.??"]
[EventType "swiss"]
[EventRounds "9"]
[EventCountry "ESP"]
[SourceTitle "EXT 2000"]
[Source "ChessBase"]
[SourceDate "1999.11.16"]
[SourceVersion "1"]
[SourceVersionDate "1999.11.16"]
[SourceQuality "1"]

1. e4 g6 2. Bc4 d6 3. Nf3 Bg7 4. d4 Nf6 5. Qe2 0-0 6. 0-0 c6 7. Nbd2 Nxe4 8. Bxf7+ Rxf7 9. Nxe4 h6 10. h3 Nd7 11. Nh4 Nf8 12. c3 g5 13. Bxg5 hxg5 14. Nxg5 Rf6 15. f4 e6 16. Rae1 Bd7 17. Qg4 Ng6 18. Nxg6 Rxg6 19. Qh5 Qf6 20. Qh7+ Kf8 21. f5 exf5 22. h4 Rh6 23. Rf3 Qxg5 24. hxg5 Rxh7 25. g4 Rh4 26. gxf5 Rg4+ 27. Kf2 Rxg5 28. f6 Bh6 29. Re7 Bg4 30. Rg3 Rf5+ 31. Kg2 Rxf6 32. Rh7 Kg8 33. Rxb7 Rg6 34. Rc7 Bf5 0-1